| 000 | 00804nam a2200205Ia 4500 | ||
|---|---|---|---|
| 003 | IN-BaIIA | ||
| 008 | 211028s9999 xx 000 0 eng d | ||
| 040 | _cIIA Library | ||
| 080 |
_a523.47 _bURA |
||
| 111 |
_aWorkshop on Uranus and Neptune _cPasadena, California _d1984 Feb. 6-8 _914591 |
||
| 245 | 0 |
_aUranus and Neptune _bproceedings of a Workshop on Uranus and Nept.une, held in Pasadena, California February 6-8, 1984. _cedited by J. T. Bergstralh |
|
| 260 |
_aWashington _bNational Aeronautics and Space Administration _c1984 |
||
| 300 | _avii, 627p. | ||
| 650 | _aAstronomy and Astrophysics thesaurus | ||
| 650 |
_aGiant Planets _913884 |
||
| 650 |
_aNeptune Planets _914592 |
||
| 650 |
_aUranus _912160 |
||
| 700 |
_aBergstralh, J. T., ed. _914593 |
||
| 942 | _cBK | ||
| 999 |
_c8684 _d8684 |
||